عرض عادي
عرض مارك
- Medicine, Arabic
مدخل مصطلح موضوعي
001 - رقم الضبط
- حقل الضبط: 39250
003 - معرف رقم الضبط
- حقل الضبط: OSt
005 - تاريخ ووقت أخر عملية
- حقل الضبط: 20131103182651.0
008 - عناصر بيانات ثابتة الطول
- حقل تحكم ثابت الطول: 131103|||a|||||| | ||| d
040 ## - مصدر الفهرسة
- هيئة الفهرسة الأصلية: OSt
- وكالة الكتابة: OSt
150 ## - مدخل-- مصطلح تاريخي
- عنصر مدخل المصطلح الموضوعي او الاسم الجغرافي: Medicine, Arabic
- تفريع عام: history
- تفريع عام: Islam.
670 ## - بيانات المصدر موجوده
- الاستشهاد بالمصدر: Work cat.: (OSt)0: AHMED, YUSUF 1951- 39248, Islamic medicine /, 1986.
